| 000 | 01328cam a22002054a 4500 | ||
|---|---|---|---|
| 005 | 20250605164050.0 | ||
| 008 | 250528s ||||||||||||||||||||||||d | ||
| 035 | _a17251 | ||
| 020 | _a155415379 | ||
| 040 |
_aGR-AtMCL _bgre _dGR-AtMCL _eAACR2 |
||
| 245 | 1 | _aInternational Economics / A Policy Approach | |
| 250 | _a4th | ||
| 260 |
_bHarcourt Brace Jovanovich, Publishers, _c1983 |
||
| 300 | _a436 | ||
| 520 | _aPreface, Foreign Trade in the American Economy, International Financial Relations, Statement of International Transactions, Market-Determined Exchange Rates, The International Currency System, National Income Determination in an Open Economy, Balance-of-Payments Adjustment Policies Under Fixed Exchange Rates, Exchange-Rate Adjustment, The Monetary Approach to the Balance of Payments, Exchange Control and Currency Inconvertibility, Reforming the International Monetary System, International Trade Relations, Why Nations Trade, The Commodity Composition of Trade, Protection of Domestic Industries: The Tariff, Other Barriers to Trade, U.S. Commercial Policy, International and Regional Trade Organizations among Developed Countries, International Mobility of Productive Factors, Appendices, Bibliography, Index. | ||
| 700 | 1 |
_aKreinin E. Mordechai _93411 |
|
| 942 | _cBK | ||
| 999 |
_c2679 _d2679 |
||